[Event "Pontresina St Moritz op 1st"]
[Site "Pontresina"]
[Date "2015.02.25"]
[Round "1"]
[White "Balg, Matthias"]
[Black "Sigrist, Rene"]
[Result "1-0"]
[WhiteElo "2044"]
[BlackElo "1654"]
[PlyCount "91"]
[EventDate "2015.02.25"]
[EventType "swiss"]
[EventRounds "5"]
[EventCountry "SUI"]
[SourceTitle "CBM 165 Extra"]
[Source "ChessBase"]
[SourceDate "2015.04.21"]
[SourceVersion "1"]
[SourceVersionDate "2015.04.21"]
[SourceQuality "1"]

1. d4 e6 2. c4 d5 3. Nc3 Nf6 4. Nf3 Be7 5. Qc2 Nc6 6. a3 a6 7. cxd5 exd5 8. Bf4 Bg4 9. e3 Qd7 10. Ne5 Nxe5 11. Bxe5 Bf5 12. Bd3 Bxd3 13. Qxd3 0-0 14. 0-0 Ng4 15. Bg3 f5 16. h3 Nf6 17. Rac1 Rac8 18. Rfd1 Ne4 19. Be5 Bh4 20. g3 Be7 21. Kg2 Ng5 22. h4 Nf7 23. Qe2 c5 24. Qf3 Nxe5 25. dxe5 d4 26. Qd5+ Qxd5+ 27. Nxd5 Kf7 28. exd4 cxd4 29. Rxc8 Rxc8 30. Rxd4 Rd8 31. f4 Bc5 32. Rd3 Rd7 33. Nb4 Rd4 34. Kf3 a5 35. Rxd4 Bxd4 36. Nd3 Ke6 37. b3 h5 38. a4 Kd5 39. Ke2 Bc3 40. Ne1 Bd4 41. Nf3 Bc5 42. Ng5 Bb4 43. Ke3 Bc5+ 44. Kf3 Kd4 45. Ne6+ Kd5 46. Nxg7 1-0

[Event "Lugano op 15th"]
[Site "Lugano"]
[Date "2012.11.01"]
[Round "2"]
[White "Grigioni, Giulio"]
[Black "Sigrist, Rene"]
[Result "1/2-1/2"]
[WhiteElo "1825"]
[BlackElo "1709"]
[PlyCount "91"]
[EventDate "2012.11.01"]
[EventType "swiss"]
[EventRounds "7"]
[EventCountry "SUI"]
[SourceTitle "EXT 2013"]
[Source "ChessBase"]
[SourceDate "2012.11.22"]
[SourceVersion "1"]
[SourceVersionDate "2012.11.22"]
[SourceQuality "1"]

1. e4 e6 2. d4 d5 3. Nd2 Nf6 4. e5 Nfd7 5. c3 c5 6. g3 Nc6 7. Ne2 Qb6 8. Qb3 Be7 9. Bg2 a5 10. a3 Qxb3 11. Nxb3 c4 12. Nd2 a4 13. f4 Na5 14. f5 Nf8 15. Nf4 Bd7 16. h4 0-0-0 17. Rb1 Bc6 18. g4 f6 19. Nf3 exf5 20. gxf5 g6 21. Bh3 Kc7 22. fxg6 hxg6 23. exf6 Bxf6 24. Ng5 Re8+ 25. Kf2 Rxh4 26. Nf3 Rh7 27. Ng2 Bd7 28. Bxd7 Rxd7 29. Bf4+ Kc8 30. Ne3 Nc6 31. Ng4 Bg7 32. Rbe1 Rde7 33. Rxe7 Nxe7 34. Ne3 Ne6 35. Be5 Bxe5 36. Nxe5 Nf4 37. Kf3 Ne6 38. Kg4 Kc7 39. Nf3 Kd6 40. Ng5 Kd7 41. Nxe6 Kxe6 42. Kg5 Kf7 43. Ng4 Nf5 44. Ne5+ Kg7 45. Kf4 Nd6 46. Nd7 1/2-1/2